| 000 | 00489nam a2200193Ia 4500 | ||
|---|---|---|---|
| 005 | 20260429111948.0 | ||
| 008 | 260429s9999||||xx |||||||||||||| ||und|| | ||
| 020 | _a9788184115925 | ||
| 041 | _aEnglish | ||
| 082 |
_a551.6 _bREN |
||
| 100 | _aRenudevi | ||
| 245 | 0 |
_aTextbook of climatology / _cRenudevi |
|
| 260 |
_aNew Delhi : _bSonali Publications, _c2024. |
||
| 300 | _avii, 336 p.; hb | ||
| 650 | _a Climatology | ||
| 650 | _a Geology | ||
| 650 | _aEarth science | ||
| 942 | _cTB | ||
| 999 |
_c51638 _d51638 |
||